000 00680nam a2200277Ia 4500
005 20260324112550.0
008 008 260324s9999 xx 000 0 eng d
020 _a9781003485193
037 _aEBOOK
040 _aCRL
040 _beng
040 _cCRL
041 _2eng
041 _aeng
084 _qCRL
100 _aA. Mani; Narasimha Reddy Sanikommu
_91143230
245 0 _aAbsorber Types in Vapour Absorption Refrigeration Systems
260 _bTaylor and Francis
260 _c2024
365 _a
365 _b355
856 _uhttp://www.taylorfrancis.com/books/9781003485193
942 _cEBOOK
999 _c1732483
_d1732483